000 01178nam a22003497a 4500
003 CHAP
005 20220329133148.0
008 971013s1991 r 00010 d
010 _a2875
011 _a3847
035 _a3048
040 _cCHAP
090 _aTesis
100 0 0 _aRodríguez López, Joel.
_998643
245 _aCruzamiento natural en cultivares de Phaseolus vulgaris L. en relación a diferentes distancias y condiciones de manejo durante la floración
260 _aMarín, N. L. :
_bEl autor,
_c1991
300 _a68 h.
500 _aD47-167
502 _aTesis (Ing. Agr. Fitotecnista) -- UANL. Facultad de Agronomía
590 _aALEPH
_b10
_c20130110
_lUCH01
_h1214
590 _aBATCH-UPD
_b10
_c20130110
_lUCH01
_h0249
590 _aBATCH-UPD
_b10
_c20130110
_lUCH01
_h2140
590 _aBATCH-UPD
_b10
_c20130410
_lUCH01
_h1448
590 _aBATCH-UPD
_b10
_c20130914
_lUCH01
_h1439
590 _aCONVERSION
_b10
_c20130109
_lUCH01
_h1303
650 1 4 _aFrijol
_xEspaciamiento.
_943373
650 1 4 _aFrijol
_xFloración.
_943381
650 1 4 _aFrijol
_xHíbridos.
_943391
901 _aBK
942 _cTESIS
949 _bBC
_cTES
_d-12556
_eTS1
_h24601
_i3048
_si
999 _c2875
_d2875